ধূর্জটিপ্রসাদ রচনাবলী / (Record no. 48402)
[ view plain ]
| 000 -LEADER | |
|---|---|
| fixed length control field | 00893nam a22002417a 4500 |
| 001 - CONTROL NUMBER | |
| control field | 48402 |
| 003 - CONTROL NUMBER IDENTIFIER | |
| rucl marc code | BD-RjUL |
| 005 - DATE AND TIME OF LATEST TRANSACTION | |
| control field | 20211209054522.0 |
| 008 - FIXED-LENGTH DATA ELEMENTS--GENERAL INFORMATION | |
| fixed length control field | 160814s1987 ii ||||| |||| 00| 0 ben d |
| 020 ## - INTERNATIONAL STANDARD BOOK NUMBER | |
| Terms of availability | : IRs 100.00 |
| 035 ## - SYSTEM CONTROL NUMBER | |
| System control number | (BD-RjUL)48521 |
| 040 ## - CATALOGING SOURCE | |
| Original cataloging agency | BD-RjUL |
| Language of cataloging | ben |
| Transcribing agency | BD-RjUL |
| 041 ## - LANGUAGE CODE | |
| Language code of text/sound track or separate title | ben |
| 082 ## - DEWEY DECIMAL CLASSIFICATION NUMBER | |
| Edition number | 23 |
| Classification number | 891.4408 |
| Author mark and year | DHD 1987 |
| 100 ## - MAIN ENTRY--PERSONAL NAME | |
| Personal name | ধূর্জটিপ্রসাদ |
| 9 (RLIN) | 135658 |
| 245 10 - TITLE STATEMENT | |
| Title | ধূর্জটিপ্রসাদ রচনাবলী / |
| Statement of responsibility, etc. | ধূর্জটিপ্রসাদ |
| 260 ## - PUBLICATION, DISTRIBUTION, ETC. (IMPRINT) | |
| Place of publication, distribution, etc. | কলিকাতা : |
| Name of publisher, distributor, etc. | ছায়া দেবী, |
| Date of publication, distribution, etc. | ১৯৮৭ |
| 300 ## - PHYSICAL DESCRIPTION | |
| Pagination | খণ্ড ; |
| Size | ১৯ সেমি. |
| 505 0# - FORMATTED CONTENTS NOTE | |
| Formatted contents note | খণ্ড ২ -- খণ্ড ৩ -- |
| 650 ## - SUBJECT ADDED ENTRY--TOPICAL TERM | |
| Topical term or geographic name as entry element | বাংলা সাহিত্য |
| General subdivision | সংগ্রহ |
| 9 (RLIN) | 122902 |
| Topical term or geographic name as entry element | Bengali LIterature |
| General subdivision | Collection |
| 9 (RLIN) | 122903 |
| 942 ## - ADDED ENTRY ELEMENTS (KOHA) | |
| Source of classification or shelving scheme | Dewey Decimal Classification |
| Koha item type | Books |
| Lost status | Source of classification or shelving scheme | Damaged status | Not for loan | Collection code | Permanent Location | Current Location | Shelving location | Date acquired | Source of acquisition | Cost, normal purchase price | Total Checkouts | Full call number | Date last seen | Date checked out | Copy number | Koha item type |
|---|---|---|---|---|---|---|---|---|---|---|---|---|---|---|---|---|
| Dewey Decimal Classification | Non-fiction | Central Library, University of Rajshahi | Central Library, University of Rajshahi | 22/04/1989 | Karim Int. | 100.00 | 2 | B 891.4408 DHD V-3 1987 | 20/09/2017 | 28/08/2017 | C-2 | Books | ||||
| Dewey Decimal Classification | Non-fiction | Central Library, University of Rajshahi | Central Library, University of Rajshahi | 22/04/1989 | Karim Int. | 100.00 | 1 | B 891.4408 DHD V-2 1987 | 08/03/2017 | 28/02/2017 | C-2 | Books | ||||
| Dewey Decimal Classification | Non-fiction | Central Library, University of Rajshahi | Central Library, University of Rajshahi | 22/04/1989 | Karim Int. | 100.00 | B 891.4408 DHD V-2 1987 | 14/08/2016 | C-3 | Books | ||||||
| Dewey Decimal Classification | Non-fiction | Central Library, University of Rajshahi | Central Library, University of Rajshahi | 29/01/1997 | Ankur Prokasoni, Dhaka | 100.00 | 891.4408 DHD V-3 1987 | 06/11/2016 | C-3 | Books |